Bytový dom
Salvato in:
| Autore principale: | |
|---|---|
| Altri autori: | |
| Natura: | Manoscritto Libro |
| Lingua: | slovacco |
| Pubblicazione: |
2024
|
| Soggetti: | |
| Accesso online: | http://is.stuba.sk/zp/portal_zp.pl?podrobnosti=168620 https://opac.crzp.sk/?fn=detailBiblioForm&sid=E866CA411CD4E51494BE8469BB2C |
| Tags: |
Nessun Tag, puoi essere il primo ad aggiungerne!!
|
MARC
| LEADER | 00000ntm a22000003a 4500 | ||
|---|---|---|---|
| 001 | stuzp99075 | ||
| 003 | SK-STU | ||
| 005 | 20240917095508.4 | ||
| 007 | ta | ||
| 008 | 150427s2015----xo-----f-mn---000-0-slo-d | ||
| 040 | |a STU |b slo | ||
| 041 | 0 | |a slo | |
| 100 | 1 | |a Slávik, Adam |u 010270 |4 aut |U SvF Stavebná fakulta |T SvF Katedra technológie stavieb |X 111018 |U V270 |Y 28 |7 111018 | |
| 242 | 0 | 1 | |a Apartment House |y eng |
| 245 | 1 | 0 | |a Bytový dom |
| 260 | |c 2024 | ||
| 650 | 4 | |a Bytový dom |2 slo | |
| 650 | 4 | |a Polyfunkčný objekt |2 slo | |
| 650 | 4 | |a Monolit |2 slo | |
| 650 | 4 | |a Betónová nosná konštrukcia |2 slo | |
| 650 | 4 | |a Sadrokartón |2 slo | |
| 650 | 4 | |a Sadrokartónový podhľad |2 slo | |
| 650 | 4 | |a Apartment building |2 eng | |
| 650 | 4 | |a Polyfunctional object |2 eng | |
| 650 | 4 | |a Monolith |2 eng | |
| 650 | 4 | |a Concrete load-bearing structure |2 eng | |
| 650 | 4 | |a Plasterboard |2 eng | |
| 650 | 4 | |a Plasterboard ceiling |2 eng | |
| 700 | 1 | |a Paulovičová, Lucia |u 010270 |k Z8 |4 ths |U SvF Stavebná fakulta |T SvF Katedra technológie stavieb |X 52129 |U V270 |Y 28 |7 A000052129 | |
| 856 | 4 | |u http://is.stuba.sk/zp/portal_zp.pl?podrobnosti=168620 | |
| 856 | 4 | |u https://opac.crzp.sk/?fn=detailBiblioForm&sid=E866CA411CD4E51494BE8469BB2C | |